Từ và nhận diện từ tiếng Việt

Đã lưu trong:
Bibliografiske detaljer
Hovedforfatter: Nguyễn Thiện Giáp
Format: Bog
Sprog:Undetermined
Udgivet: Hà Nội Giáo dục 1996
Fag:
Tags: Tilføj Tag
Ingen Tags, Vær først til at tagge denne postø!
Thư viện lưu trữ: Trung tâm Học liệu Trường Đại học Cần Thơ
LEADER 00505nam a2200169Ia 4500
001 CTU_19459
008 210402s9999 xx 000 0 und d
082 |a 495.922 
082 |b Gi109 
100 |a Nguyễn Thiện Giáp 
245 0 |a Từ và nhận diện từ tiếng Việt 
245 0 |c Nguyễn Thiện Giáp 
260 |a Hà Nội 
260 |b Giáo dục 
260 |c 1996 
650 |a vietnamese language 
980 |a Trung tâm Học liệu Trường Đại học Cần Thơ